Normal view
MARC view
Entry Topical Term
001 - CONTROL NUMBER
- control field: 67002
003 - CONTROL NUMBER IDENTIFIER
- control field:
005 - DATE AND TIME OF LATEST TRANSACTION
- control field: 20250731124259.0
008 - FIXED-LENGTH DATA ELEMENTS
- fixed length control field: 250731|| aca||aabn | a|a d
040 ## - CATALOGING SOURCE
- Original cataloging agency:
- Transcribing agency:
150 ## - HEADING--TOPICAL TERM
- Topical term or geographic name entry element: Sustainable development
- Form subdivision: Kaduana state (Nigeria)
670 ## - SOURCE DATA FOUND
- Source citation: Work cat.: ()31253: DATTIJO, Muhammad S. aut 66999, Disruption : , 2023
